000 00486nam a2200193Ia 4500
008 101110s9999 xx 000 0 und d
041 _aENGLISH
082 _bJR1979
100 _aAcharya B.K., Gorekar P.B.
245 _aOrganisation of Commerce Std.XII
365 _b21
520 _aCommerce
546 _aENGLISH
630 _aOrganisation of Commerce Std.XII
650 _aCommerce
655 _aCommerce
730 _aOrganisation of Commerce Std.XII
942 _cBOOK
999 _c793974
_d793971